000
00302nam a2200121Ia 4500
008
190216s9999||||xx |||||||||||||| ||und||
100
_a
Patmana Ramachandran Nair
245
0
_a
Aschriyya Choodamani
260
_b
Kairali Mudralayam
_c
1978
300
_a
117p
650
_a
Malayalam Nadakam
942
_c
BK
999
_c
25704
_d
25704